| 000 | 00349nam a22001577a 4500 | ||
|---|---|---|---|
| 003 | SGT | ||
| 020 | _a978-0-19-87937-0 | ||
| 082 |
_a611 _bC17K |
||
| 100 | _aKOSHI, RACHEL | ||
| 245 | _aCUNNINGHAM MANUAL OF PRACTICAL ANATOMY | ||
| 250 | _a16TH | ||
| 260 |
_aINDIA _bOXFORD _c2017 |
||
| 300 | _a328 | ||
| 650 | _aANATOMY | ||
| 942 |
_2ddc _cBK _03 |
||
| 999 |
_c15542 _d15542 |
||